000
00342nam a2200133Ia 4500
003
PILC
008
220421s2007 xx 000 0 und d
040
_c
EARIST LIBRARY
100
_a
Kapunan, Rocio Reyes
_9
518
245
0
_a
Fundamentals of Guidance and Counseling /
260
_a
Manila,
_b
Rex :
_c
2007.
999
_c
1842
_d
1842
942
_2
ddc
_c
BK